| 000 | 00832nam a2200265 a 4500 | ||
|---|---|---|---|
| 001 | 013032196 | ||
| 003 | Uk | ||
| 005 | 20131028130252.0 | ||
| 008 | 041109s2004 nyua rb 001 0 eng | ||
| 015 |
_aGBA614065 _2bnb |
||
| 020 | _a013127256X | ||
| 020 | _a9780131272569 | ||
| 042 | _aukblsr | ||
| 082 | 0 | 4 |
_a006.7 _222 _bLIF |
| 100 | 1 |
_aLi, Ze-Nian. _934252 |
|
| 245 | 1 | 0 |
_aFundamentals of multimedia / _cZe-Nian Li and Mark S. Drew. |
| 260 |
_aUpper Saddle River, NJ ; _aLondon : _bPearson Education International :, _cc2004. |
||
| 300 |
_axvi, 560 p., [8] p. of plates : _bill. (some col.) ; _c24 cm. |
||
| 504 | _aIncludes bibliographical references and index. | ||
| 650 | 0 |
_aMultimedia systems. _934253 |
|
| 653 |
_bCS _cOctober2013 |
||
| 655 |
_vreading book _934232 |
||
| 700 | 1 |
_aDrew, Mark S. _934254 |
|
| 942 |
_2ddc _cBB |
||
| 999 |
_c17692 _d17664 |
||